|
|
|
|
| LEADER |
01556nam a2200289 a 4500 |
| 001 |
GR-Antirio1038 |
| 008 |
140704s2008 xk g b 001 0 eng d |
| 020 |
|
|
|a 9780521874144
|
| 040 |
|
|
|a GrPaTEI
|b gre
|c GR-PaULI
|
| 040 |
|
|
|a GrPaTEI
|b gre
|c GR-PaULI
|
| 044 |
|
|
|a gb
|
| 082 |
|
0 |
|a 621.382
|2 22
|
| 100 |
1 |
|
|a Madhow, Upamanyu
|
| 245 |
1 |
0 |
|a Fundamentals of digital communication /
|c Upamanyu Madhow.
|
| 260 |
|
|
|a Cambridge :
|b Cambridge University Press,
|c 2008
|
| 300 |
|
|
|a xvii, 499 σ. :
|b εικ.
|
| 504 |
|
|
|a Περιλαμβάνει βιβλιογραφίες και ευρετήριο.
|
| 650 |
|
0 |
|a Digital communications
|
| 650 |
|
4 |
|a Ασύρματη τηλεπικοινωνία
|
| 650 |
|
4 |
|a Ψηφιακή επικοινωνία
|
| 710 |
0 |
|
|a Cambridge Univertity Press
|
| 942 |
|
|
|2 ddc
|
| 952 |
|
|
|0 0
|1 0
|2 ddc
|4 0
|6 621_382000000000000_MAD
|7 0
|9 262786
|a LISK-2
|b LISK-2
|c BSC
|d 2021-01-17
|e 24
|f 0
|g 0.00
|l 0
|o 621.382 MAD
|p 2430000008117
|r 2021-01-17 00:00:00
|t 1
|w 2021-01-17
|y BK15
|x 20140704 0 ΧΑΣΑΝΗ 1
|x GrPaTEI - Antirrio
|
| 952 |
|
|
|0 0
|1 0
|2 ddc
|4 0
|6 621_382000000000000_MAD
|7 0
|9 262787
|a LISK-2
|b LISK-2
|c BSC
|d 2021-01-17
|e 24
|f 0
|g 0.00
|l 0
|o 621.382 MAD
|p 2430000008118
|r 2021-01-17 00:00:00
|t 1
|w 2021-01-17
|y BK15
|x 20140908 0 ΧΑΣΑΝΗ 1
|x GrPaTEI - Antirrio
|
| 952 |
|
|
|0 0
|1 0
|2 ddc
|4 0
|6 621_382000000000000_MAD
|7 0
|9 262788
|a LISK-2
|b LISK-2
|c BSC
|d 2021-01-17
|e 24
|f 0
|g 0.00
|l 0
|o 621.382 MAD
|p 2430000008119
|r 2021-01-17 00:00:00
|t 1
|w 2021-01-17
|y BK15
|x 20140908 0 ΧΑΣΑΝΗ 1
|x GrPaTEI - Antirrio
|
| 971 |
|
|
|a .b25708375
|b 15-04-20
|c 12-09-16
|
| 999 |
|
|
|c 151392
|d 151392
|